| LEADER | 00000cam a2200000 a 4500 | ||
|---|---|---|---|
| 001 | 23874 | ||
| 003 | CZ-ZlUTB | ||
| 005 | 20190825234557.0 | ||
| 008 | 010323s2001 xr er 000 0 cze d | ||
| 020 | |a 8024700123 |q (brož.) | ||
| 040 | |a ABA001 |b cze |c ABA001 |d ZLD002 | ||
| 072 | 7 | |a 316.7 |x Sociologie kultury. Kulturní život |2 Konspekt |9 1 | |
| 080 | |a (035) |2 MRF | ||
| 080 | |a 316.7 |2 MRF | ||
| 080 | |a 316.625 |2 MRF | ||
| 080 | |a 316.72/.75 |2 MRF | ||
| 080 | |a 316.722 |2 MRF | ||
| 080 | |a 316.772 |2 MRF | ||
| 080 | |a 339 |2 MRF | ||
| 080 | |a 316.72/.73 |2 MRF | ||
| 080 | |a 316.772.4 |2 MRF | ||
| 100 | 1 | |a Šroněk, Ivan, |d 1923- |7 jk01131031 |4 aut | |
| 245 | 1 | 0 | |a Kultura v mezinárodním podnikání / |c Ivan Šroněk |
| 250 | |a 1. vyd. | ||
| 260 | |a Praha : |b Grada, |c 2001 | ||
| 300 | |a 167 s. ; |c 23 cm | ||
| 490 | 1 | |a Manažer | |
| 504 | |a Obsahuje bibliografii | ||
| 650 | 0 | 7 | |a podnikání |7 ph115766 |x mezinárodní kontext |2 czenas |
| 650 | 0 | 7 | |a kulturní diverzita |7 ph497317 |2 czenas |
| 650 | 0 | 7 | |a dialog kultur |7 ph478605 |2 czenas |
| 650 | 0 | 7 | |a kultura |7 ph122009 |2 czenas |
| 650 | 0 | 7 | |a interkulturní komunikace |7 ph121149 |2 czenas |
| 650 | 0 | 7 | |a kulturní identita |7 ph122024 |2 czenas |
| 650 | 0 | 7 | |a obchodní jednání |7 ph123553 |2 czenas |
| 655 | 7 | |a příručky |7 fd133209 |2 czenas | |
| 830 | 0 | |a Manažer | |
| 910 | |a ZLD002 | ||
| 952 | |0 0 |1 0 |2 udc |4 0 |6 3167ŠRONĚKI |7 0 |8 BOOK |9 44498 |a UTBZL |b UTBZL |c 006 |d 2006-07-29 |l 17 |o 316.7/ŠRONĚK,I. |p 420010077217 |r 2022-05-16 00:00:00 |s 2022-04-27 |v 198.00 |w 2019-08-25 |x N:nákup - dotace KFMZ 2002 | 20100831 |y 04 | ||
| 952 | |0 0 |1 0 |4 0 |6 3167ŠRONĚKI |7 0 |8 BOOK |9 44499 |a UTBZL |b UTBZL |c 006 |d 2006-07-29 |l 15 |o 316.7/ŠRONĚK,I. |p 420010084264 |r 2019-08-25 00:00:00 |v 198.00 |w 2019-08-25 |x N:nákup; | 20100831 |y 04 | ||
| 952 | |0 0 |1 0 |4 0 |6 3167ŠRONĚKI |7 0 |8 BOOK |9 44500 |a UTBZL |b UTBZL |c 006 |d 2006-07-29 |l 21 |m 3 |o 316.7/ŠRONĚK,I. |p 420010084265 |r 2024-05-07 00:00:00 |s 2024-03-12 |v 198.00 |w 2019-08-25 |x N:nákup | 20100831 |y 04 | ||
| 952 | |0 0 |1 0 |4 0 |6 3167ŠRONĚKI |7 0 |8 BOOK |9 44501 |a UTBZL |b UTBZL |c 006 |d 2006-07-29 |l 14 |o 316.7/ŠRONĚK,I. |p 420010084266 |r 2019-08-25 00:00:00 |v 198.00 |w 2019-08-25 |x N:nákup; | 20100831 |y 04 | ||
| 952 | |0 0 |1 0 |4 0 |6 3167ŠRONĚKI |7 0 |8 BOOK |9 44502 |a UTBZL |b UTBZL |c 030 |d 2006-07-29 |l 0 |o 316.7/ŠRONĚK,I. |p 420010077216 |r 2019-08-25 00:00:00 |v 198.00 |w 2019-08-25 |x N:nákup - dotace KFMZ 2002 | 20100831 |y 05 | ||
| 952 | |0 0 |1 0 |4 0 |6 316ŠRONĚKI |7 0 |8 BOOK |9 44503 |a UTBZL |b UTBZL |c 034 |d 2006-07-29 |i 74286 |l 1 |o 316/ŠRONĚK,I. |p 420010074286 |r 2019-08-25 00:00:00 |v 158.40 |w 2019-08-25 |x opravit sign. | 20100920 |y 09 | ||
| 992 | |a BK |b SK |d 64 | ||
| 999 | |c 23874 |d 23874 | ||